Statistics for Click the Simplified Modern-Day Countries of the Persian Empire

Click here to take the quiz!

General Stats

  • This quiz has been taken 101 times
    (92 since last reset)
  • The average score is 15 of 17

Answers on the Map

Answers color-coded by a green-red scale on the quiz's map according to % correct below.
 

Answer Stats

Answer% Correct
Turkey
100%
Egypt
93%
Iran
93%
Cyprus
91%
Iraq
89%
Saudi Arabia
89%
Greece
87%
Jordan
87%
Kuwait
87%
Armenia
85%
Syria
85%
United Arab Emirates
85%
Israel
83%
Oman
83%
Azerbaijan
81%
Lebanon
80%
Georgia
78%

Score Distribution

Percentile by Number Answered

Percent of People with Each Score

Your Score History

You have not taken this quiz since the last reset